| 000 | 00798nas a2200241Ia 4500 | ||
|---|---|---|---|
| 001 | R001/39285 | ||
| 003 | IT-RoPAU | ||
| 008 | 151124c99999999xx |||||||||||| ||und|| | ||
| 040 | _aIT-RoPAU | ||
| 040 | _cIT-RoPAU | ||
| 041 | _aFRANCESE | ||
| 100 |
_aVernet Marc _gCodice Aut. SPICS: 74 |
||
| 210 | _aAVANT SCENE CINEMA (L') | ||
| 222 | _aAvant Scene Cinema (L') | ||
| 245 |
_aAVANT SCENE CINEMA (L')-ANNO 24, N.329/330 GIUGNO 1984 _bUn Enfant Est Battu-Le Petit Indicateur Est Mort |
||
| 250 | _a1a ed. | ||
| 260 |
_aPARIS _bAVANT-SCENE (L') _c1984 |
||
| 501 |
_bPaulus - SPICS - Società San Paolo EM (non-commercial uses only) _cCopyright2015 |
||
| 300 | _a10 p. [115-124] | ||
| 362 | _aANNO 024, N.329/330 GIUGNO 1984 | ||
| 650 |
_aCINEMA _vPUBBLICAZIONE PERIODICA |
||
| 942 | _cCR | ||
| 999 |
_c149131 _d149131 |
||